000 00397cam a2200157ua 4500
041 _aeng
_h
082 _a828.09
_bBEW/CH
100 _aBennett, H S .
245 _aChaucer And the Fifteenth Century /
_cH S Bennett.
_hTextual Documents
250 _a1 /
_b.
260 _aLondon :
_bOxford University Press ,
_c1961.
300 _a326 ; .
504 _a
942 _cBK
999 _c2850
_d2850